The Walking Dead Character Deaths - Statistics

General Stats
  • This quiz has been taken 165 times
  • The average score is 40 of 104
Answer Stats
Episode Cause Character % Correct
S2:E12: Better Angels Stabbed by Rick Grimes Shane Walsh
86%
S7:E1: The Day Will Come When You Won’t Be Beaten to death by Negan Smith Glenn Rhee
85%
S3:E4: Killer Within Bloodloss due to C-section Lori Grimes
84%
S4:E8: Too Far Gone Decapitated by The Governor Hershel Greene
81%
S6:E16: Last Day on Earth Beaten to death by Negan Smith Abraham Ford
79%
S5:E8: Coda Accidentally shot by Dawn Lerner Beth Greene
79%
S8:E9: Honor Bit by a walker Carl Grimes
76%
S2:E11: Judge, Jury, Executioner Disembowelled by a walker; shot by Daryl Dixon Dale Horvath
76%
S2:E3: Save the Last One Shot by Shane Walsh; devoured by walkers Otis
75%
S4:E8: Too Far Gone Stabbed; then shot by Lilly Chambler The Governor
75%
S1:E4: Vatos Bit by a walker Amy Harrison
74%
S3:E16: Welcome to the Tombs Bit by a walker; shot herself Andrea Harrison
74%
S2:E7: Pretty Much Dead Already Bit by a walker Sophia Peletier
73%
S1:E5: Wildfire Bit by a walker Jim
70%
S7:E16: The First Day of the Rest of Your Life Suicide by cyanide pill Sasha Williams
70%
S3:E4: Killer Within Devoured by walkers T-Dog
70%
S1:E4: Vatos Devoured by walkers Ed Peletier
68%
S1:E6: TS-19 Blown up at CDC Jacqui
65%
S4:E14: The Grove Shot by Carol Peletier Lizzie Samuels
65%
S3:E15: This Sorrowful Life Shot by The Governor Merle Dixon
65%
S5:E9: What Happened and What’s Going On Bit by a walker and died from blood loss Tyreese Williams
65%
S1:E6: TS-19 Blown up at CDC Edwin Jenner
64%
S11:E24: Rest In Peace Bit by a walker Rosita Espinosa
64%
S9:E15: The Calm Before Decapitated by Alpha Tara Chambler
64%
S9:E15: The Calm Before Decapitated by Alpha Enid
61%
S10:E12: Walk With Us Throat slit by Negan Smith Alpha
59%
S9:E15: The Calm Before Decapitated by Alpha Henry Sutton
59%
S10:E16: A Certain Doom Stabbed by Daryl Dixon; devoured by walkers Beta
58%
S5:E3: Four Walls and a Roof Bit by a walker Bob Stookey
57%
S5:E16: Conquer Shot by Rick Grimes Pete Anderson
53%
S9:E8: Evolution Stabbed by a Whisperer Paul Rovia
52%
S11:E18: A New Deal Bit by a walker Sebastian Milton
52%
S4:E14: The Grove Stabbed by Lizzie Samuels Mika Samuels
51%
S8:E15: Worth Strangled by Negan Smith Simon
51%
S2:E12: Better Angels Neck snapped by Shane Walsh Randall Culver
49%
S5:E8: Coda Shot by Daryl Dixon Dawn Lerner
48%
S3:E16: Welcome to the Tombs Stabbed by The Governor Milton Mamet
48%
S3:E8: Made to Suffer Shot by Woodbury soldiers Oscar
48%
S10:E16: A Certain Doom Stabbed by a Whisperer Oscar
48%
S2:E13: Beside the Dying Fire Devoured by walkers Jimmy
47%
S5:E14: Spend Devoured by walkers Noah
47%
S3:E10: Home Shot by The Governor Axel
46%
S5:E3: Four Walls and a Roof Hacked to death by Rick Grimes Gareth
46%
S2:E13: Beside the Dying Fire Devoured by walkers Patricia
46%
S6:E9: No Way Out Stabbed by Michonne Grimes Ron Anderson
46%
S6:E9: No Way Out Devoured by walkers Sam Anderson
46%
S7:E8: Hearts Still Beating Disembowelled by Negan Smith Spencer Monroe
46%
S6:E3: Thank You Shot himself Nicholas
44%
S6:E9: No Way Out Devoured by walkers Jessie Anderson
43%
S6:E14: Twice as Far Shot with a crossbow by Dwight Denise Cloyd
40%
S10:E7: Open Your Eyes Strangled by Dante Siddiq
40%
S11:E16: Acts of God Shot by Daryl Dixon Leah Shaw
38%
S5:E16: Conquer Throat sliced by Pete Anderson Reg Monroe
38%
S6:E8: Start to Finish Bit by a walker Deanna Monroe
37%
S7:E8: Hearts Still Beating Shot by Arat Olivia
36%
S3:E2: Sick Slashed by Rick Grimes Tomas
34%
S9:E1: A New Beginning Hanged by Daryl Dixon Gregory
33%
S4:E7: Dead Weight Fed to walkers by The Governor Caesar Martinez
32%
S3:E4: Killer Within Shot by Oscar Andrew
31%
S8:E3: Monsters Shot by The Saviors Eric Raleigh
29%
S5:E14: Spend Impaled on pole; devoured by walkers Aiden Monroe
28%
S11:E8: For Blood Stabbed by Leah Shaw Pope
28%
S10:E8: The World Before Stabbed by Gabriel Stokes Dante
27%
S11:E24: Rest In Peace Bit by a walker Luke Abrams
27%
S9:E3: Warning Signs Speared in the head by Cyndie Arat
26%
S10:E12: Walk With Us Disembowelled by Beta Gamma
26%
S8:E14: Still Gotta Mean Something Devoured by walkers Jared
26%
S8:E3: Monsters Shot with a crossbow by Daryl Dixon Morales
26%
S10:E22: Here’s Negan Died of drug overdose Lucille Smith
25%
S7:E13: Bury Me Here Shot by Jared; died of bloodloss Benjamin
24%
S8:E4: Some Guy Devoured by walkers Shiva
22%
S9:E15: The Calm Before Decapitated by Alpha Tammy Rose Sutton
21%
S11:E9: No Other Way Throat slit by a Reaper Alden
19%
S11:E20: What's Been Lost Shot by Carol Peletier Lance Hornsby
19%
S6:E4: Here’s Not Here Bit by a walker Eastman
18%
S7:E13: Bury Me Here Strangled by Morgan Jones Richard
18%
S8:E9: Honor Stabbed by Henry Sutton Gavin
16%
S10:E10: Stalker Neck broken by Beta Laura
16%
S9:E15: The Calm Before Decapitated by Alpha DJ
15%
S10:E12: Walk With Us Suicide by impalement on railroad spike Earl Sutton
15%
S8:E13: Do Not Send Us Astray Stabbed by a Savior Tobin
15%
S6:E9: No Way Out Devoured by walkers Owen
13%
S9:E15: The Calm Before Decapitated by Alpha Frankie
12%
S9:E15: The Calm Before Decapitated by Alpha Ozzy
12%
S11:E9: No Other Way Stabbed by Maggie Rhee Brandon Carver
10%
S11:E24: Rest In Peace Devoured by walkers Jules Butler
10%
S9:E15: The Calm Before Decapitated by Alpha Rodney
10%
S11:E6: On the Inside Tortured to death by Pope Frost
9%
S11:E8: For Blood Devoured by walkers Paul Wells
9%
S10:E16: A Certain Doom Devoured by walkers Beatrice
8%
S11:E2: Acheron: Part II Stabbed himself twice Gage
8%
S9:E15: The Calm Before Decapitated by Alpha Alek
7%
S9:E6: Who Are You Now? Burned alive by Carol Peletier Jed
7%
S9:E6: Who Are You Now? Burned alive by Carol Peletier Regina
7%
S9:E15: The Calm Before Decapitated by Alpha Adeline
6%
S11:E3: Hunted Devoured by walkers Agatha
6%
S8:E13: Do Not Send Us Astray Wounded by a Savior Bruce
6%
S11:E3: Hunted Stabbed by Reapers; died of bloodloss Duncan
6%
S8:E2: The Damned Shot by The Saviors Francine
6%
S11:E16: Acts of God Shot by Leah Shaw Marco
6%
S11:E3: Hunted Throat slit by a Reaper Cole
5%
S8:E11: Dead or Alive Or Shot by a Savior Harlan Carson
5%
S11:E19: Variant Shot by Commonwealth soldiers Roman Calhoun
4%
S8:E15: Worth Shot by The Saviors Gary
2%
No matching quizzes found
Score Distribution
Percent of People with Each Score
Percentile by Number Answered
Your Score History
You have not taken this quiz